000
00338 a2200157 4500
001
186811
020
_a
040
_c
Magnum
100
_a
Palombo, Antônio Sérgio
240
1
0
_a
Elas só falam de amor!
_l
por
245
1
0
_a
Elas só falam de amor!
300
_a
24
362
0
_a
1995
697
_a
LITERATURA INFANTO
942
_c
BK
999
_c
186811
_d
186811